| 000 | 00868nam a22002297a 4500 | ||
|---|---|---|---|
| 008 | 090327t xxu||||| |||| 00| j eng d | ||
| 010 | _aENG-93288 | ||
| 020 |
_a9788185604947 _c275.00 |
||
| 035 | _aEN-76821 | ||
| 037 | _bDBAD / PUB | ||
| 040 |
_adpl _bEnglish |
||
| 082 | _aS | ||
| 100 | _aShirurkar, Vibhavari | ||
| 245 |
_aHer story, our story and on the swing: _cby Vibhavari Shirurkar; translated by Yashodhara Deshpande Maitra _bshort stories and novella |
||
| 260 |
_aKolkata _bStree _c2008 |
||
| 270 |
_a16 Southern Avenue, _bKolkata _e700026 |
||
| 300 |
_axxvi, 230p. _c21cm (pbk) |
||
| 650 | _aShort stories, English. | ||
| 700 | _aMaitra, Yashodhara Deshpande | ||
| 942 |
_2ddc _cEN _mSHI _hS |
||
| 999 |
_c25547 _d25547 |
||